[Event "46th Capablanca Memorial Open A"]
[Site "Havana CUB"]
[Date "2010.05.14"]
[Round "4.37"]
[White "Abreu Delgado, Aryam"]
[Black "Zavarce, Oscar Enrique"]
[Result "1-0"]
[WhiteTitle "GM"]
[BlackTitle "FM"]
[WhiteElo "2485"]
[BlackElo "2223"]
[WhiteFideId "3502589"]
[BlackFideId "3902501"]
[EventDate "2011.05.11"]

1. e4 c5 2. Nf3 e6 3. d4 cxd4 4. Nxd4 a6 5. c4 Nf6 6. Nc3 Qc7 7. a3 b6 8. Be3
Bb7 9. f3 d6 10. Be2 Be7 11. O-O Nbd7 12. Qd2 O-O 13. Rfc1 Rac8 14. a4 Qb8 15.
a5 bxa5 16. Rxa5 Ne5 17. b3 Rfe8 18. Na2 Nfd7 19. b4 Bd8 20. Ra3 h5 21. h3 h4
22. Nb3 d5 23. cxd5 exd5 24. exd5 Rxc1+ 25. Naxc1 Qd6 26. Nc5 Nxc5 27. Bxc5 Bb6
28. Qd4 Qh6 29. Re3 Bxc5 30. bxc5 Nxf3+ 31. Rxf3 Qxc1+ 32. Rf1 Qg5 33. Bf3 Qg3
34. c6 Bc8 35. d6 Bxh3 36. d7 Rd8 37. Qf2 Bxd7 38. Qxg3 hxg3 39. Rd1 1-0

[Event "46th Capablanca Memorial Open A"]
[Site "Havana CUB"]
[Date "2010.05.14"]
[Round "4.38"]
[White "Wohl, Aleksandar H."]
[Black "Hernandez Moya, Yuleisis"]
[Result "1-0"]
[WhiteTitle "IM"]
[BlackTitle "WFM"]
[WhiteElo "2411"]
[BlackElo "2174"]
[WhiteFideId "3200345"]
[BlackFideId "3511685"]
[EventDate "2011.05.11"]

1. d4 d5 2. Bf4 Nf6 3. e3 e6 4. c4 b6 5. Nc3 Bd6 6. Bg3 Bb7 7. Nf3 a6 8. Rc1 O-O
9. Bd3 c5 10. cxd5 exd5 11. Bb1 Re8 12. Bh4 Nbd7 13. O-O Qc7 14. dxc5 bxc5 15.
Bf5 Qc6 16. b4 c4 17. Rb1 Be5 18. Nxe5 Rxe5 19. Bxd7 Nxd7 20. Qd4 Rae8 21. Bg3
R5e7 22. b5 axb5 23. Rxb5 Nf6 24. Rb6 Qd7 25. Rfb1 Ba8 26. Bh4 Re6 27. Bxf6 gxf6
28. h3 Bc6 29. Rb8 Re5 30. Rxe8+ Qxe8 31. Qa7 Kg7 32. Rb8 Qd7 33. Qxd7 Bxd7 34.
Rd8 Bc6 35. a4 f5 36. g3 Re7 37. Rd6 Re6 38. Rd8 Re7 39. Rc8 Bb7 40. Rd8 Bc6 41.
Nxd5 Ra7 42. Nc3 Bxa4 43. Rc8 Bb3 44. Nb5 Ra1+ 45. Kg2 Bc2 46. Nd6 Bd3 47. Kf3
Ra2 48. g4 fxg4+ 49. hxg4 Ra6 50. Nxc4 Bxc4 51. Rxc4 h6 52. Rc5 Rf6+ 53. Kg3 Re6
54. Kf4 Rf6+ 55. Rf5 Ra6 56. e4 Rb6 57. Rd5 Rf6+ 58. Kg3 Ra6 59. f3 Rb6 60. Rd7
Ra6 61. e5 Kf8 62. Rd6 Ra5 63. Kf4 Kg7 64. Rd7 Kg6 65. Ke4 Ra4+ 66. Rd4 Ra7 67.
f4 Kg7 68. f5 Rb7 69. Kf4 Ra7 70. Rd8 Ra4+ 71. Kg3 Ra3+ 72. Kh4 Ra1 73. f6+ Kh7
74. Rf8 Ra7 75. Re8 Ra6 76. Rf8 Ra7 77. Kg3 Rb7 78. Kf4 Rc7 79. Kf5 Ra7 80. Re8
Ra5 81. Rf8 Ra7 82. Rxf7+ Rxf7 83. e6 Ra7 84. e7 Ra5+ 85. Ke6 Ra6+ 86. Kf7 Ra7
87. Kf8 Ra6 88. f7 1-0

[Event "46th Capablanca Memorial Open A"]
[Site "Havana CUB"]
[Date "2010.05.14"]
[Round "4.39"]
[White "Marrero Lopez, Yaniet"]
[Black "Miranda Rodriguez, Tania"]
[Result "0-1"]
[WhiteTitle "WGM"]
[BlackTitle "WFM"]
[WhiteElo "2328"]
[BlackElo "2167"]
[WhiteFideId "3503950"]
[BlackFideId "3510417"]
[EventDate "2011.05.11"]

1. e4 c5 2. Nf3 d6 3. d4 cxd4 4. Qxd4 Nc6 5. Bb5 Bd7 6. Bxc6 Bxc6 7. Nc3 Nf6 8.
Bg5 e6 9. Qd3 Be7 10. Nd4 Rc8 11. f4 h6 12. Bh4 Qa5 13. Nxc6 Rxc6 14. O-O-O O-O
15. Rhe1 Rfc8 16. Re3 d5 17. Bxf6 Bxf6 18. e5 Be7 19. Re2 Rxc3 0-1

[Event "46th Capablanca Memorial Open A"]
[Site "Havana CUB"]
[Date "2010.05.14"]
[Round "4.40"]
[White "Enrique Hernandez, Eddy Ernesto"]
[Black "Lopez Vilier, Luis Angel"]
[Result "0-1"]
[BlackTitle "FM"]
[WhiteElo "2206"]
[BlackElo "2316"]
[WhiteFideId "3508765"]
[BlackFideId "3509320"]
[EventDate "2011.05.11"]

1. d4 Nf6 2. Nc3 d5 3. Bg5 e6 4. e4 Be7 5. Bxf6 Bxf6 6. Nf3 a6 7. exd5 exd5 8.
Bd3 O-O 9. Qd2 Re8+ 10. Ne2 Bg4 11. O-O-O Nc6 12. Kb1 Qd6 13. h3 Bxf3 14. gxf3
Nb4 15. c3 Nxd3 16. Qxd3 b5 17. Rhg1 b4 18. cxb4 Reb8 19. a3 c6 20. Nc3 a5 21.
b5 a4 22. Rg4 Kh8 23. Rdg1 cxb5 24. Na2 Rc8 25. h4 Rc4 26. h5 Qe6 27. Nb4 Rac8
28. Ka2 h6 29. Kb1 Re8 30. Ka2 Rd8 31. Rd1 Qc8 32. Rd2 Be7 33. Nc2 b4 34. axb4
Bxb4 35. Re2 Bf8 36. Ne3 Rb4 37. Nd1 Rb3 38. Qc2 Qb7 39. f4 Rc8 40. Nc3 Rcxc3 0-1

[Event "46th Capablanca Memorial Open A"]
[Site "Havana CUB"]
[Date "2010.05.14"]
[Round "4.41"]
[White "Machado Escanio, Michel"]
[Black "Cardenas Ballester, Maydelin"]
[Result "1/2-1/2"]
[WhiteTitle "FM"]
[BlackTitle "WFM"]
[WhiteElo "2309"]
[BlackElo "2114"]
[WhiteFideId "3506290"]
[BlackFideId "3508242"]
[EventDate "2011.05.11"]

1. d4 Nf6 2. Nf3 g6 3. c4 Bg7 4. g3 d6 5. Bg2 O-O 6. O-O Nbd7 7. Nc3 e5 8. h3 c6
9. e4 Re8 10. Rb1 exd4 11. Nxd4 Nc5 12. Re1 a5 13. b3 Be6 14. Kh2 Qc7 15. a3
Rad8 16. b4 axb4 17. axb4 Ncd7 18. Nxe6 Rxe6 19. Qb3 Nf8 20. Be3 h5 21. Kg1 Kh7
22. Rbc1 N6d7 23. Red1 Ree8 24. Rd2 Ne6 25. Rcd1 Bf8 26. Ne2 Ng7 27. Bf4 Ne5 28.
Bg5 Ra8 29. Be3 Rad8 30. f4 Nd7 31. c5 dxc5 32. Qxf7 Re7 33. Qb3 cxb4 34. f5
gxf5 35. Bg5 Nc5 36. Qb1 Rxd2 37. Rxd2 Rd7 38. exf5 Kh8 39. Bf4 Qb6 40. Kh2 Rxd2
41. Bxd2 Be7 42. Be3 Qb5 43. Nf4 Bf6 44. Bf1 Qa5 45. Bc4 b3 46. Ng6+ Kh7 1/2-1/2

[Event "46th Capablanca Memorial Open A"]
[Site "Havana CUB"]
[Date "2010.05.14"]
[Round "4.42"]
[White "Romero Nunez, Wendy"]
[Black "Diaz Hernandez, Heriberto"]
[Result "0-1"]
[WhiteTitle "WFM"]
[BlackTitle "FM"]
[WhiteElo "2132"]
[BlackElo "2300"]
[WhiteFideId "3510174"]
[BlackFideId "3508498"]
[EventDate "2011.05.11"]

1. d4 d5 2. c4 c6 3. Nc3 Nf6 4. Nf3 e6 5. cxd5 exd5 6. Bf4 Bf5 7. Qb3 Qb6 8.
Qxb6 axb6 9. a3 b5 10. Rc1 b4 11. axb4 Bxb4 12. Nd2 O-O 13. e3 Nh5 14. Bg5 f6
15. Bh4 g5 16. Be2 Nf4 17. exf4 gxh4 18. O-O Bd6 19. g3 Na6 20. Na4 Nb4 21. Nc5
b6 22. Ncb3 Ra2 23. g4 Bc2 24. Rxc2 Nxc2 25. Rb1 Bxf4 26. Nf3 Re8 27. Bd3 Nb4
28. Bf1 h3 29. Ne1 Kf7 30. Nd3 Nxd3 31. Bxd3 Rg8 32. Bf5 h5 33. f3 hxg4 34. fxg4
Re8 0-1

[Event "46th Capablanca Memorial Open A"]
[Site "Havana CUB"]
[Date "2010.05.14"]
[Round "4.43"]
[White "Forgas Moreno, Yaniela"]
[Black "Tovio, Israel"]
[Result "1-0"]
[WhiteTitle "WFM"]
[BlackTitle "FM"]
[WhiteElo "2093"]
[BlackElo "2297"]
[WhiteFideId "3508072"]
[BlackFideId "4402049"]
[EventDate "2011.05.11"]

1. e4 c5 2. Nf3 e6 3. d4 cxd4 4. Nxd4 a6 5. Bd3 Bc5 6. Nb3 Ba7 7. Qe2 Nc6 8. Nc3
d6 9. Be3 b5 10. a3 Nf6 11. O-O O-O 12. Rad1 Ne5 13. h3 Ng6 14. Rfe1 e5 15. Qd2
Nh5 16. Bf1 Nhf4 17. Bxa7 Rxa7 18. Kh2 Qg5 19. Qe3 Rd7 20. Nd5 Qd8 21. Nb6 Rc7
22. Nxc8 Qxc8 23. c3 Rd8 24. Rd2 Rcd7 25. g3 Ne6 26. h4 d5 27. exd5 Rxd5 28.
Rxd5 Rxd5 29. Bg2 Rd8 30. h5 Ngf8 31. Qxe5 Qc4 32. Na5 Qg4 33. Qe2 Qg5 34. f4
Qh6 35. Nc6 Rd7 36. Ne5 Rd8 37. Bh3 Nxf4 38. gxf4 Qxf4+ 39. Kg1 Re8 40. Qg4 Qd2
41. Re2 Qd1+ 42. Kf2 Re6 43. Qd4 Rf6+ 44. Nf3 Qh1 45. Qg4 Ne6 46. Qg3 Qd1 47.
Qb8+ Nf8 48. Bg2 Qd6 49. Qxd6 Rxd6 50. Nd4 g6 51. h6 Rf6+ 52. Kg3 g5 53. Kg4
Rxh6 54. Bd5 Rd6 55. Ba2 h6 56. Re8 Rf6 57. Nf5 Rb6 58. Kh5 Rf6 59. Bb1 Re6 60.
Nxh6+ 1-0

[Event "46th Capablanca Memorial Open A"]
[Site "Havana CUB"]
[Date "2010.05.14"]
[Round "4.45"]
[White "Sanchez Castillo, Sarai"]
[Black "Balanza Llama, Claudia De La C."]
[Result "1/2-1/2"]
[WhiteTitle "IM"]
[WhiteElo "2268"]
[BlackElo "1976"]
[WhiteFideId "3900754"]
[BlackFideId "3513165"]
[EventDate "2011.05.11"]

1. e4 c5 2. Nf3 d6 3. Nc3 Nf6 4. e5 dxe5 5. Nxe5 a6 6. a4 e6 7. Be2 Bd6 8. d4
Bc7 9. Be3 O-O 10. Nc4 cxd4 11. Qxd4 Nc6 12. Qh4 Nb4 13. O-O Nfd5 14. Bg5 f6 15.
Be3 Nxe3 16. Nxe3 Qe7 17. Bc4 Kh8 18. Rfe1 Qc5 19. Ne4 Qc6 20. Bb3 b6 21. Rad1
b5 22. axb5 axb5 23. c3 Bb7 24. Rd4 Na6 25. Bc2 f5 26. Ng5 h6 27. Qh5 Qe8 28.
Qh3 Qg6 29. Nf3 Qf6 30. Rd7 Rad8 31. Rxd8 Rxd8 32. Nd4 b4 33. Nf1 bxc3 34. bxc3
Bd5 35. Ne3 Ba8 36. Nf1 Be5 37. Qe3 Bxd4 38. cxd4 Nb4 39. Bb3 Qxd4 40. Qxd4 Rxd4 1/2-1/2

[Event "46th Capablanca Memorial Open A"]
[Site "Havana CUB"]
[Date "2010.05.14"]
[Round "4.46"]
[White "Hernandez Fernandez, Ramon A"]
[Black "Cueto Rodriguez, Yanet"]
[Result "1-0"]
[WhiteTitle "FM"]
[BlackTitle "WFM"]
[WhiteElo "2293"]
[BlackElo "2138"]
[WhiteFideId "3503909"]
[BlackFideId "3505294"]
[EventDate "2011.05.11"]

1. d4 d5 2. Nf3 Nf6 3. Bg5 c6 4. Nbd2 Bf5 5. e3 Nbd7 6. Bd3 Bxd3 7. cxd3 h6 8.
Bh4 e6 9. O-O Be7 10. Ne5 O-O 11. f4 Nxe5 12. dxe5 Nd7 13. Bxe7 Qxe7 14. d4 f5
15. exf6 Rxf6 16. Rc1 Rf7 17. Nf3 Qd8 18. g4 g6 19. Qd3 Rg7 20. Rc2 Rc8 21. b4
Qe7 22. a3 a6 23. Kh1 Rf8 24. h4 Nf6 25. g5 Ne4 26. gxh6 Rh7 27. Rg1 Rxh6 28.
Rh2 Rf5 29. Rgg2 Rfh5 30. Kg1 Rf5 31. Kf1 Kf8 32. Rg1 Ke8 33. Rhg2 Rf6 34. Ne5
Rxh4 35. Nxg6 Qh7 36. Ne5 Rh3 37. Rg7 Qh4 38. Rg8+ 1-0

[Event "46th Capablanca Memorial Open A"]
[Site "Havana CUB"]
[Date "2010.05.14"]
[Round "4.48"]
[White "Adel Lahchaichi, Oussama"]
[Black "Torres Rosas, Luis Carlos"]
[Result "1-0"]
[WhiteTitle "FM"]
[BlackTitle "CM"]
[WhiteElo "2265"]
[BlackElo "2129"]
[WhiteFideId "2207885"]
[BlackFideId "5111080"]
[EventDate "2011.05.11"]

1. c4 Nf6 2. g3 g6 3. Bg2 Bg7 4. Nc3 O-O 5. d3 d6 6. e4 c5 7. Nge2 Nc6 8. O-O
Ne8 9. Be3 Nd4 10. h3 Nc7 11. f4 Rb8 12. Rb1 b5 13. Bf2 b4 14. Nxd4 cxd4 15. Ne2
e5 16. f5 Na6 17. g4 Bf6 18. Nc1 Bd7 19. Qf3 Bh4 20. f6 Qxf6 21. Qxf6 Bxf6 22.
Bxd4 Bg5 23. Bxa7 Ra8 24. Bf2 Nc5 25. d4 exd4 26. Bxd4 Bc6 27. e5 Bxg2 28. Kxg2
Ne6 29. Ne2 Nxd4 30. Nxd4 dxe5 31. Nc6 e4 32. Nxb4 Rfc8 33. b3 Rcb8 34. Nd5
Rxa2+ 35. Rf2 Ra3 36. c5 Rbxb3 37. Rxb3 Rxb3 38. c6 Bd8 39. c7 Bxc7 40. Nxc7 h5
41. gxh5 gxh5 42. Ne8 e3 43. Re2 Rb6 44. Rxe3 Kf8 45. Kg3 Rb4 46. Nf6 h4+ 47.
Kf3 Kg7 48. Ne4 f5 49. Nd6 Kf6 50. Ne8+ Kg5 51. Nc7 Rf4+ 52. Kg2 Rc4 53. Ne6+
Kf6 54. Kf3 Rc1 55. Nd4 Kg5 56. Re5 Rg1 57. Rxf5+ Kg6 58. Kf2 Ra1 59. Rf4 Kg5 1-0

[Event "46th Capablanca Memorial Open A"]
[Site "Havana CUB"]
[Date "2010.05.14"]
[Round "4.49"]
[White "Gascon, Jose Rafael"]
[Black "Perez Rodriguez, Jennifer"]
[Result "1-0"]
[BlackTitle "WIM"]
[WhiteElo "2120"]
[BlackElo "2227"]
[WhiteFideId "3902463"]
[BlackFideId "3507831"]
[EventDate "2011.05.11"]

1. e4 e5 2. Nf3 Nc6 3. d4 exd4 4. Nxd4 Bc5 5. Be3 Qf6 6. Nb5 Bxe3 7. fxe3 Qh4+
8. g3 Qd8 9. Qg4 g6 10. Qf4 d6 11. Bc4 Ne5 12. O-O Qd7 13. N1c3 a6 14. Be6 axb5
15. Bxd7+ Bxd7 16. Nd5 O-O-O 17. b3 h5 18. c4 Nh6 19. c5 Nd3 20. Qf6 Nxc5 21.
Rac1 Bh3 22. Rfd1 c6 23. Rxc5 1-0

[Event "46th Capablanca Memorial Open A"]
[Site "Havana CUB"]
[Date "2010.05.14"]
[Round "4.50"]
[White "Miranda Llanes, Yerisbel"]
[Black "Pirola, Claudionor Alcides Lima"]
[Result "1-0"]
[WhiteTitle "WFM"]
[WhiteElo "2226"]
[BlackElo "2104"]
[WhiteFideId "3507700"]
[BlackFideId "2130556"]
[EventDate "2011.05.11"]

1. d4 Nf6 2. c4 e6 3. Nf3 d5 4. Bg5 c6 5. e3 Qa5+ 6. Nbd2 Nbd7 7. a3 Bd6 8. c5
Bb8 9. Bd3 Qd8 10. e4 dxe4 11. Bxe4 h6 12. Bh4 e5 13. Qc2 exd4 14. O-O-O O-O 15.
Rhe1 Qa5 16. Nb3 Qa6 17. Bd3 b5 18. Nbxd4 Bf4+ 19. Kb1 Rb8 20. Nf5 Bb7 21. Ne7+
Kh8 22. Bf5 Rbd8 23. Rd4 Bc7 24. Red1 Ne5 25. Bxf6 gxf6 26. Qd2 Kg7 27. Bh3 1-0

[Event "46th Capablanca Memorial Open A"]
[Site "Havana CUB"]
[Date "2010.05.14"]
[Round "4.52"]
[White "Espinosa Garcia, Sandra"]
[Black "Llaudy Pupo, Lisandra"]
[Result "1/2-1/2"]
[WhiteTitle "WIM"]
[BlackTitle "WIM"]
[WhiteElo "2113"]
[BlackElo "2216"]
[WhiteFideId "3509109"]
[BlackFideId "3506487"]
[EventDate "2011.05.11"]

1. d4 Nf6 2. c4 e6 3. Nf3 b6 4. a3 Bb7 5. Nc3 Be7 6. e3 O-O 7. Bd3 c5 8. d5 exd5
9. cxd5 d6 10. O-O Ba6 11. Bxa6 Nxa6 12. e4 Nc7 13. h3 a6 14. Re1 Re8 15. Bf4 b5
16. b4 cxb4 17. axb4 Nd7 18. Nd4 Ne5 19. Bxe5 dxe5 20. Nc6 Qd6 21. Qg4 Bf6 22.
Ne2 g6 23. Nc1 Bg7 24. Qe2 f5 25. f3 Ne6 26. Nb3 Nf4 27. Qc2 fxe4 28. fxe4 Qf6
29. Nc5 Qg5 30. Ra3 Bf8 31. Qf2 a5 32. Rg3 Qh4 33. Rc3 Qxf2+ 34. Kxf2 axb4 35.
Nxb4 Bxc5+ 36. Rxc5 Ra4 37. g3 Nxh3+ 38. Kg2 Rxb4 39. Kxh3 Kg7 40. Rc7+ Kf6 41.
Rxh7 Kg5 42. Rh4 Rb2 43. Rg4+ Kh5 44. Rh4+ Kg5 45. Rc1 Rf8 46. Rg4+ Kh5 47. Rh4+
Kg5 1/2-1/2

[Event "46th Capablanca Memorial Open A"]
[Site "Havana CUB"]
[Date "2010.05.14"]
[Round "4.53"]
[White "Cordero Suarez, Greisy"]
[Black "Campos Vila, Milena"]
[Result "0-1"]
[BlackTitle "WFM"]
[WhiteElo "2116"]
[BlackElo "2212"]
[WhiteFideId "3502422"]
[BlackFideId "3501558"]
[EventDate "2011.05.11"]

1. e4 e5 2. Nf3 Nc6 3. Bc4 Nf6 4. d3 Be7 5. c3 O-O 6. Nbd2 d5 7. Bb3 dxe4 8.
dxe4 Qd3 9. Bc2 Qd6 10. Qe2 Nh5 11. Nf1 Nf4 12. Bxf4 exf4 13. N1d2 Bg4 14. O-O-O
Ne5 15. h3 Be6 16. Nxe5 Qxe5 17. Bb3 Bxb3 18. Nxb3 Rfd8 19. Rd4 Rd6 20. Rhd1
Rad8 21. Rxd6 Rxd6 22. Rxd6 Bxd6 23. Nd4 a6 24. Nf3 Qe6 25. b3 Qg6 26. Ne1 Qg5
27. f3 Qc5 28. Qd2 h6 29. Qd4 Qg5 30. Kd1 Qa5 31. Qd2 Be5 32. b4 Qa4+ 33. Ke2
Qb5+ 34. Qd3 Bxc3 35. Qxb5 axb5 36. Nd3 g5 37. Kd1 Kf8 38. Kc2 Bd4 39. Ne1 Ke7
40. Kd3 Bf2 41. Nc2 Kd6 42. Na3 c6 43. Nb1 Ke5 44. Ke2 Bd4 45. Kd3 b6 46. Na3
Bf2 47. Ke2 Bd4 48. Kd3 Bb2 49. Nb1 Bc1 50. Kc2 Be3 51. Kd3 Kd6 52. Nc3 Bg1 53.
a4 bxa4 54. Nxa4 Kc7 55. Nc3 Bf2 56. Na2 Kd6 57. Kc4 b5+ 58. Kd3 c5 59. bxc5+
Kxc5 60. Nc3 Kb4 61. Kc2 Kc4 62. Nd5 b4 63. Ne7 b3+ 64. Kb1 Bc5 65. Nc6 f6 66.
Nd8 Kd3 67. Kb2 Ke2 68. Ne6 Bd6 69. Kxb3 Kf2 70. Kc4 Kxg2 71. Kd5 Be5 72. Ng7
Kxf3 73. Nf5 Kg2 74. Nxh6 f3 75. Ng4 f2 76. Ne3+ Kg1 0-1

[Event "46th Capablanca Memorial Open A"]
[Site "Havana CUB"]
[Date "2010.05.14"]
[Round "4.54"]
[White "Mendoza Velazquez, Lorena Alejan"]
[Black "Catala Matienzo, Ivette"]
[Result "1/2-1/2"]
[WhiteTitle "WIM"]
[BlackTitle "WFM"]
[WhiteElo "2033"]
[BlackElo "2208"]
[WhiteFideId "5101794"]
[BlackFideId "3506819"]
[EventDate "2011.05.11"]

1. d4 Nf6 2. Nf3 e6 3. c4 b6 4. g3 Bb7 5. Bg2 d5 6. Ne5 Bd6 7. Nc3 O-O 8. Bg5 c5
9. Ng4 Be7 10. Nxf6+ Bxf6 11. Bxf6 Qxf6 12. dxc5 bxc5 13. Qb3 Bc6 14. cxd5 exd5
15. Nxd5 Bxd5 16. Bxd5 Nc6 17. Bxc6 Qxc6 18. O-O Rab8 19. Qc2 Rfe8 20. Rac1 Qb5
21. Qxc5 Qxc5 22. Rxc5 Rxb2 23. a4 Rbxe2 24. Rc7 R2e7 25. Rfc1 f6 26. a5 Kf7 27.
R1c5 1/2-1/2

[Event "46th Capablanca Memorial Open A"]
[Site "Havana CUB"]
[Date "2010.05.15"]
[Round "5.1"]
[White "De La Paz Perdomo, Frank"]
[Black "Bacallao Alonso, Yusnel"]
[Result "1/2-1/2"]
[WhiteTitle "GM"]
[BlackTitle "IM"]
[WhiteElo "2452"]
[BlackElo "2530"]
[WhiteFideId "3501833"]
[BlackFideId "3507416"]
[EventDate "2011.05.11"]

1. e4 c5 2. Nf3 d6 3. d4 cxd4 4. Nxd4 Nf6 5. Nc3 a6 6. Be3 e5 7. Nf3 Qc7 8. a4
h6 9. Be2 Be7 10. O-O Be6 11. a5 Qc6 12. Ne1 Nbd7 13. Nd3 d5 14. exd5 Nxd5 15.
Nxd5 Bxd5 16. Bg4 O-O 17. Bxd7 Qxd7 18. Nxe5 Qe6 19. Bd4 Rad8 20. Re1 Bd6 21. c3
Bxe5 22. Rxe5 Qg6 23. Qf1 Rfe8 24. Rae1 f6 25. R5e3 Rxe3 26. Rxe3 Re8 27. Rg3
Qf5 28. h3 Kh7 29. Qd1 Bc6 30. b4 Re7 1/2-1/2

[Event "46th Capablanca Memorial Open A"]
[Site "Havana CUB"]
[Date "2010.05.15"]
[Round "5.2"]
[White "Quesada Vera, Liordis"]
[Black "Gomez Garrido, Camilo"]
[Result "1/2-1/2"]
[WhiteTitle "FM"]
[BlackTitle "IM"]
[WhiteElo "2438"]
[BlackElo "2516"]
[WhiteFideId "3507009"]
[BlackFideId "3507904"]
[EventDate "2011.05.11"]

1. c4 c5 2. Nc3 Nc6 3. g3 g6 4. Bg2 Bg7 5. Rb1 d6 6. a3 Bf5 7. d3 Rc8 8. Bd2 Nf6
9. h3 h5 10. e4 Bd7 11. Nge2 Nh7 12. b4 b6 13. b5 Nd4 14. Nxd4 Bxd4 15. O-O h4
16. g4 g5 17. a4 O-O 18. Ne2 e5 19. a5 f6 20. Qc1 Rf7 21. Nxd4 cxd4 22. Qa3 Be8
23. Bb4 Rd7 24. Rb3 Nf8 25. Ra1 Ne6 26. Qb2 Nc5 27. Rba3 Bf7 28. Bf1 Kg7 29.
R1a2 Rdc7 30. Qa1 Rb8 31. axb6 axb6 1/2-1/2

[Event "46th Capablanca Memorial Open A"]
[Site "Havana CUB"]
[Date "2010.05.15"]
[Round "5.3"]
[White "Jimenez Fraga, Pedro Alejandro"]
[Black "Aguero Jimenez, Luis Lazaro"]
[Result "0-1"]
[WhiteTitle "FM"]
[BlackTitle "IM"]
[WhiteElo "2473"]
[BlackElo "2420"]
[WhiteFideId "3508188"]
[BlackFideId "3508455"]
[EventDate "2011.05.11"]

1. e4 c6 2. d4 d5 3. e5 Bf5 4. Nc3 e6 5. g4 Bg6 6. Nge2 c5 7. h4 cxd4 8. Nxd4 h5
9. f4 hxg4 10. Bb5+ Nd7 11. f5 Rxh4 12. Rg1 exf5 13. Qe2 Bc5 14. e6 Bxd4 15.
exd7+ Kf8 16. Bg5 Bf6 17. Bf4 Ne7 18. Bd6 g3 19. Rxg3 d4 20. Nd5 Re4 21. Rxg6
fxg6 22. Nc7 Bh4+ 23. Kf1 Rxe2 24. Kxe2 Kf7 25. Kd3 g5 0-1

[Event "46th Capablanca Memorial Open A"]
[Site "Havana CUB"]
[Date "2010.05.15"]
[Round "5.4"]
[White "Arenas, David"]
[Black "Nogueiras Santiago, Jesus"]
[Result "1/2-1/2"]
[WhiteTitle "IM"]
[BlackTitle "GM"]
[WhiteElo "2427"]
[BlackElo "2565"]
[WhiteFideId "4403177"]
[BlackFideId "3500020"]
[EventDate "2011.05.11"]

1. e4 Nf6 2. e5 Nd5 3. d4 d6 4. c4 Nb6 5. exd6 exd6 6. Nc3 Be7 7. Bd3 Nc6 8.
Nge2 Bg4 9. Be3 O-O 10. b3 Bg5 11. f4 Bh4+ 12. g3 Bf6 13. Qd2 Nb4 14. Bb1 Re8
15. Kf2 c5 16. Re1 Nc6 17. Be4 Bxe2 18. Bxc6 Rxe3 19. Nxe2 Rxe2+ 20. Rxe2 Bxd4+
21. Kg2 Qc7 22. Bf3 Bxa1 23. Qe1 Nd7 24. Qxa1 Nf6 25. Qe1 Kf8 26. g4 h6 27. h4
Re8 28. g5 Rxe2+ 29. Qxe2 hxg5 30. hxg5 Nd7 31. Qe4 g6 1/2-1/2

[Event "46th Capablanca Memorial Open A"]
[Site "Havana CUB"]
[Date "2010.05.15"]
[Round "5.5"]
[White "Vera Gonzalez-Quevedo, Reynaldo"]
[Black "Ortega Amarelle, Mariano"]
[Result "0-1"]
[WhiteTitle "GM"]
[BlackTitle "FM"]
[WhiteElo "2500"]
[BlackElo "2417"]
[WhiteFideId "3500055"]
[BlackFideId "3504301"]
[EventDate "2011.05.11"]

1. d4 d5 2. c4 c6 3. Nc3 Nf6 4. e3 g6 5. Nf3 Bg7 6. Be2 O-O 7. O-O dxc4 8. Bxc4
Nbd7 9. a3 Nb6 10. Ba2 Bg4 11. h3 Bxf3 12. Qxf3 Qd6 13. Rd1 e5 14. dxe5 Qxe5 15.
Bd2 Rad8 16. Be1 Qe7 17. Rxd8 Rxd8 18. Rd1 Rxd1 19. Qxd1 Nfd7 20. Qc2 Nf6 21. b4
Nc8 22. Qb3 a6 23. a4 Nd6 24. b5 axb5 25. axb5 h5 26. bxc6 bxc6 27. Qb6 Qd7 28.
Bb3 Nde4 29. Ne2 Nd5 30. Qa5 Qb7 31. Qa2 Be5 32. Qc2 Nd6 33. Nc1 Kg7 34. Nd3 Ba1
35. Ba4 Ne7 36. Bb4 Nb5 37. Qc5 Nd5 38. Qf8+ Kh7 39. Bxb5 cxb5 40. Bc5 Bg7 41.
Qd6 Nc3 42. f3 Qa8 43. Kh2 Ne2 44. Nf2 Qa1 45. Qd1 Qe5+ 46. f4 Nxf4 47. exf4
Qxc5 48. Ne4 Qc4 49. Qf3 b4 50. h4 Kg8 51. Kg3 f5 52. Ng5 Qc3 53. Kf2 Qxf3+ 54.
Nxf3 Bc3 55. Ke2 b3 56. Kd3 b2 57. Kc2 Kf7 0-1

[Event "46th Capablanca Memorial Open A"]
[Site "Havana CUB"]
[Date "2010.05.15"]
[Round "5.6"]
[White "Delgado Ramos, Hector"]
[Black "Ruiz Sanchez, Orlen"]
[Result "1-0"]
[WhiteTitle "FM"]
[BlackTitle "FM"]
[WhiteElo "2480"]
[BlackElo "2392"]
[WhiteFideId "3504824"]
[BlackFideId "3506231"]
[EventDate "2011.05.11"]

1. d4 d5 2. c4 c6 3. Nf3 Nf6 4. e3 Bf5 5. Nc3 e6 6. Nh4 Be4 7. f3 Bg6 8. Qb3 Qc7
9. g4 Bd6 10. g5 dxc4 11. Bxc4 Nd5 12. Nxg6 hxg6 13. f4 Nd7 14. Bd2 N7b6 15. Bf1
O-O-O 16. Rc1 Nxc3 17. bxc3 c5 18. Bg2 c4 19. Qd1 Kd7 20. Rb1 Rb8 21. O-O Rh4
22. Qf3 Rbh8 23. h3 Qc6 24. e4 Bc7 25. Rb4 Kc8 26. Rfb1 f5 27. gxf6 gxf6 28. d5
exd5 29. exd5 Qd6 30. a4 R8h5 31. a5 Nxd5 32. Rxb7 Qc5+ 33. Kh1 g5 34. fxg5 Qd6
35. Qf5+ Kd8 36. Rxc7 Qxc7 37. a6 Nb6 38. Be3 Qd7 39. Bxb6+ axb6 40. Qxd7+ Kxd7
41. a7 Rh8 42. Rxb6 1-0

[Event "46th Capablanca Memorial Open A"]
[Site "Havana CUB"]
[Date "2010.05.15"]
[Round "5.7"]
[White "Perez Rodriguez, Luis Manuel"]
[Black "Ostos, Julio"]
[Result "1/2-1/2"]
[WhiteTitle "GM"]
[BlackTitle "IM"]
[WhiteElo "2466"]
[BlackElo "2310"]
[WhiteFideId "3503364"]
[BlackFideId "3900053"]
[EventDate "2011.05.11"]

1. d4 Nf6 2. c4 c5 3. d5 g6 4. Nc3 Bg7 5. e4 O-O 6. Nf3 e6 7. e5 Ng4 8. Ng5 Nxe5
9. f4 f6 10. Nxh7 Kxh7 11. fxe5 d6 12. h4 exd5 13. h5 Qe8 14. hxg6+ Kg8 15. Nxd5
Nc6 16. Qh5 Qxe5+ 17. Be3 1/2-1/2